000 00451pab a2200169 454500
008 180718b2011 xxu||||| |||| 00| 0 eng d
100 _aMukherjee, Somnath
245 _aTribal environment and development issues: A case study of Purulia district (W.B.)
260 _c2011
300 _ap.394-405.
362 _aOct-Dec
650 _aTribes - India - West Bengal
650 _aTribes
773 _aSocial Action
908 _aN
909 _a93707
999 _c93707
_d93707